Normal view MARC view
  • Thorpe Edgar and Thorpe, Showick

Entry Personal Name

Number of records used in: 1

001 - CONTROL NUMBER

  • control field: 3071

003 - CONTROL NUMBER IDENTIFIER

  • control field: OSt

005 - DATE AND TIME OF LATEST TRANSACTION

  • control field: 20160628143440.0

008 - FIXED-LENGTH DATA ELEMENTS

  • fixed length control field: 160628|| aca||aabn | a|a d

040 ## - CATALOGING SOURCE

  • Original cataloging agency: OSt
  • Transcribing agency: OSt

100 ## - HEADING--PERSONAL NAME

  • Personal name: Thorpe Edgar and Thorpe, Showick

670 ## - SOURCE DATA FOUND

  • Source citation: Work cat.: (OSt): Thorpe Edgar and Thorpe, Showick, Concise General Knowledge Manual (2005), 2005